01560nam a2200313Ia 4500001001200000003000800012006001900020007001500039008004100054010001700095020002100112020002400133040002100157035002100178050002500199110008700224245031000311260006200621300002500683504004100708533015200749650003400901650003800935655002900973710008401002710001701086856012601103999001701229ebr10267568CaPaEBRm u cr cn|||||||||040427s2008 dcua sb 000 0 eng d z 2004102556 z0309128382 (v.3) z9780309128384 (v.3) aCaPaEBRcCaPaEBR a(OCoLC)56058583814aTL1565b.N383 2008eb2 aNational Research Council (U.S.).bSubcommittee on Spacecraft Exposure Guidelines.10aSpacecraft water exposure guidelines for selected contaminants.nVolume 3h[electronic resource] /cCommittee on Spacecraft Exposure Guidelines, Committee on Toxicology, Board on Environmental Studies and Toxicology, Division on Earth and Life Studies, National Research Council of the National Academies. aWashington, D.C. :bNational Academy of Sciences,cc2008. axvii, 188 p. :bill. aIncludes bibliographical references. aElectronic reproduction.bPalo Alto, Calif. :cebrary,d2013.nAvailable via World Wide Web.nAccess may be limited to ebrary affiliated libraries. 0aSpace vehiclesxWater-supply. 0aWaterxPollutionxHealth aspects. 7aElectronic books.2local2 aNational Research Council (U.S.).bCommittee on Spacecraft Exposure Guidelines.2 aebrary, Inc.40uhttp://site.ebrary.com/lib/rucke/Doc?id=10267568zAn electronic book accessible through the World Wide Web; click to view c23646d23646